000 02002cam a22003854a 4500
999 _c22556
_d22556
001 14313720
003 OSt
005 20170124120028.0
008 060324s2006 caua b 001 0deng
010 _a 2006010091
020 _a0892368446 (pbk.)
020 _a9780892368440 (pbk.)
035 _a(OCoLC)ocm65207113
035 _a(OCoLC)65207113
040 _aDLC
_cDLC
_dBAKER
_dBTCTA
_dC#P
_dYDX
_dYDXCP
_dYUS
_dDLC
042 _apcc
050 0 0 _aND653.H75
_bA73 2006
082 0 0 _a759.9492
_222
100 1 _aFranits, Wayne E.
245 1 0 _aPieter de Hooch :
_bA woman preparing bread and butter for a boy /
_cWayne Franits.
260 _aLos Angeles :
_bJ. Paul Getty Museum,
_cc2006.
300 _a86 p. :
_bill. (some col.) ;
_c24 cm.
440 0 _aGetty Museum studies on art
504 _aIncludes bibliographical references (p. 79) and index.
505 0 _aIntroduction -- Pieter de Hooch: his life and development as an artist -- Pieter de Hooch and the representation of domesticity in Dutch art -- Pieter de Hooch and the marketing of domestic imagery in the Dutch Republic -- Notes -- Select bibliography -- Index -- Acknowledgments.
600 1 0 _aHooch, Pieter de.
_tWoman preparing bread and butter for a boy.
600 1 0 _aHooch, Pieter de
_xCriticism and interpretation.
700 1 _aHooch, Pieter de.
710 2 _aJ. Paul Getty Museum.
856 4 1 _3Table of contents only
_uhttp://www.loc.gov/catdir/toc/ecip0611/2006010091.html
856 4 2 _3Contributor biographical information
_uhttp://www.loc.gov/catdir/enhancements/fy0723/2006010091-b.html
856 4 2 _3Publisher description
_uhttp://www.loc.gov/catdir/enhancements/fy0723/2006010091-d.html
906 _a7
_bcbc
_corignew
_d1
_eecip
_f20
_gy-gencatlg
942 _2lcc
_cBOOKS
_hND 653 .H75 A73 2006